History Acrostic Puzzle Quiz Stats

 Plays Quiz Updated Oct 10, 2017

Also try: Crossword Ladder
Challenge
Share
Tweet
Score 0/203 Timer 09:00
3 Plays Today
% Correct
''
100%
,
100%
.
100%
''
100%
-
100%
H
83.4%
H
83.4%
T
83.3%
T
83.3%
A
83.3%
A
83.3%
R
83.1%
R
83.1%
S
83%
S
83%
Z
82.9%
Z
82.9%
O
80.2%
O
80.2%
O
79.8%
O
79.8%
R
79.7%
R
79.7%
T
79.5%
T
79.5%
U
79.4%
U
79.4%
G
79.2%
G
79.2%
S
79%
S
79%
N
79%
N
79%
I
78.7%
I
78.7%
E
75.7%
E
75.7%
T
75.6%
T
75.6%
B
74.9%
B
74.9%
T
74.9%
T
74.9%
Y
74.9%
Y
74.9%
R
74.4%
R
74.4%
U
74.4%
U
74.4%
G
74.3%
G
74.3%
S
74.2%
S
74.2%
G
74.2%
G
74.2%
E
72.2%
E
72.2%
W
71.7%
W
71.7%
I
70.9%
I
70.9%
E
70.4%
E
70.4%
A
70.4%
A
70.4%
S
70.4%
S
70.4%
O
70.3%
% Correct
O
70.3%
H
70.3%
H
70.3%
R
70%
R
70%
U
70%
U
70%
L
70%
L
70%
E
67.7%
E
67.7%
T
66.9%
T
66.9%
H
66.4%
H
66.4%
T
65.6%
T
65.6%
G
65.4%
G
65.4%
S
65.3%
S
65.3%
A
64.8%
A
64.8%
O
64.5%
O
64.5%
I
64%
I
64%
H
63.5%
H
63.5%
E
62.8%
E
62.8%
R
62.5%
R
62.5%
R
62.3%
R
62.3%
H
62.3%
H
62.3%
M
62.2%
M
62.2%
P
62%
P
62%
N
61.9%
N
61.9%
C
61.9%
C
61.9%
O
61.8%
O
61.8%
E
61.6%
E
61.6%
O
61.5%
O
61.5%
E
61.3%
E
61.3%
C
61.2%
C
61.2%
D
61.1%
D
61.1%
U
61%
U
61%
A
60.9%
A
60.9%
H
60.4%
H
60.4%
T
60.3%
T
60.3%
I
60.2%
I
60.2%
Y
59.7%
% Correct
Y
59.7%
E
59.5%
E
59.5%
S
59.4%
S
59.4%
C
58.7%
C
58.7%
P
58.6%
P
58.6%
K
58.4%
K
58.4%
F
58.3%
F
58.3%
R
58.3%
R
58.3%
E
57.9%
E
57.9%
R
57.7%
R
57.7%
R
57.2%
R
57.2%
T
57%
T
57%
N
57%
N
57%
E
56.9%
E
56.9%
A
56.6%
A
56.6%
T
56.5%
T
56.5%
N
56.1%
N
56.1%
R
56.1%
R
56.1%
S
55.7%
S
55.7%
L
55.2%
L
55.2%
F
55.1%
F
55.1%
U
55%
U
55%
O
54.9%
O
54.9%
N
54.9%
N
54.9%
P
54.1%
P
54.1%
R
53.9%
R
53.9%
E
53.7%
E
53.7%
S
53.2%
S
53.2%
O
53.1%
O
53.1%
E
52.4%
E
52.4%
U
52.4%
U
52.4%
L
52.1%
L
52.1%
L
52.1%
L
52.1%
C
52%
C
52%

You're not logged in!

Compare scores with friends on all Sporcle quizzes.
OR
Log In

You Might Also Like...

Show Comments

Extras

Top Quizzes Today


Score Distribution

Your Account Isn't Verified!

In order to create a playlist on Sporcle, you need to verify the email address you used during registration. Go to your Sporcle Settings to finish the process.

Report this User

Report this user for behavior that violates our Community Guidelines.

Details: